000 00312nam a22001217a 4500
008 190211b ||||| |||| 00| 0 eng d
020 _a9780008294373
100 _aFin, A.J,
245 _aThe woman in the window
260 _aLondon ;
_bHarperCollins Publishers,
_c2018.
300 _a427 p.
_c20 cm.
942 _2ddc
999 _c7626
_d7626